000 01245nam a2200325Ia 4500
001 ebr10659043
003 CaPaEBR
006 m u
007 cr cn|||||||||
008 100623s2011 nyua sb 001 0 eng d
010 _z 2010026085
020 _z9781617288616 (hardcover)
020 _z9781617611711
040 _aCaPaEBR
_cCaPaEBR
035 _a(OCoLC)775352841
050 1 4 _aQR185.8.C45
_bC54 2011eb
082 0 4 _a616.07/9
_222
245 0 0 _aChemokines
_h[electronic resource] :
_btypes, functions, and structural characteristics /
_cKeith J. Walker, editor.
260 _aNew York :
_bNova Science Publishers,
_cc2011.
300 _axi, 183 p. :
_bill.
490 0 _aCell biology research progress
504 _aIncludes bibliographical references and index.
533 _aElectronic reproduction.
_bPalo Alto, Calif. :
_cebrary,
_d2013.
_nAvailable via World Wide Web.
_nAccess may be limited to ebrary affiliated libraries.
650 0 _aChemokines.
650 0 _aImmunology.
655 7 _aElectronic books.
_2local
700 1 _aWalker, Keith J.
710 2 _aebrary, Inc.
856 4 0 _uhttp://site.ebrary.com/lib/rucke/Doc?id=10659043
_zAn electronic book accessible through the World Wide Web; click to view
999 _c167349
_d167349